The Shīʻite movement in Iraq / (Record no. 14385)

000 -LEADER
fixed length control field 01477cam a22003854a 4500
001 - CONTROL NUMBER
control field 13335473
005 - DATE AND TIME OF LATEST TRANSACTION
control field 20170105102854.0
008 - FIXED-LENGTH DATA ELEMENTS--GENERAL INFORMATION
fixed length control field 030124s2003 enkb b 001 0 eng
010 ## - LIBRARY OF CONGRESS CONTROL NUMBER
LC control number 2003363614
020 ## - INTERNATIONAL STANDARD BOOK NUMBER
International Standard Book Number 0863569889
020 ## - INTERNATIONAL STANDARD BOOK NUMBER
International Standard Book Number 0863563953 (pbk.)
035 ## - SYSTEM CONTROL NUMBER
System control number (UkLWHE)b000219359
040 ## - CATALOGING SOURCE
Original cataloging agency DLC
Transcribing agency DLC
Modifying agency DLC
042 ## - AUTHENTICATION CODE
Authentication code pcc
043 ## - GEOGRAPHIC AREA CODE
Geographic area code a-iq---
050 00 - LIBRARY OF CONGRESS CALL NUMBER
Classification number DS70.8.S55
Item number A33 2003
082 00 - DEWEY DECIMAL CLASSIFICATION NUMBER
Classification number 956.70088
Edition number 22
100 1# - MAIN ENTRY--PERSONAL NAME
Personal name ʻAbd al-Jabbār, Fāliḥ.
245 14 - TITLE STATEMENT
Title The Shīʻite movement in Iraq /
Statement of responsibility, etc. Faleh A. Jabar.
260 ## - PUBLICATION, DISTRIBUTION, ETC.
Place of publication, distribution, etc. London :
Name of publisher, distributor, etc. Saqi,
Date of publication, distribution, etc. 2003.
300 ## - PHYSICAL DESCRIPTION
Extent 391 p. :
Other physical details maps ;
Dimensions 24 cm.
504 ## - BIBLIOGRAPHY, ETC. NOTE
Bibliography, etc. note Includes bibliographical references (p. 354-376) and index.
650 #0 - SUBJECT ADDED ENTRY--TOPICAL TERM
Topical term or geographic name entry element Shiites
Geographic subdivision Iraq
General subdivision History
Chronological subdivision 20th century.
650 #0 - SUBJECT ADDED ENTRY--TOPICAL TERM
Topical term or geographic name entry element Shiites
General subdivision Political activity
Geographic subdivision Iraq.
650 #0 - SUBJECT ADDED ENTRY--TOPICAL TERM
Topical term or geographic name entry element Social movements
Geographic subdivision Iraq.
650 #0 - SUBJECT ADDED ENTRY--TOPICAL TERM
Topical term or geographic name entry element Islam and politics
Geographic subdivision Iraq.
650 #0 - SUBJECT ADDED ENTRY--TOPICAL TERM
Topical term or geographic name entry element Islam and state
Geographic subdivision Iraq.
651 #0 - SUBJECT ADDED ENTRY--GEOGRAPHIC NAME
Geographic name Iraq
General subdivision Politics and government
Chronological subdivision 1958-
856 42 - ELECTRONIC LOCATION AND ACCESS
Materials specified Contributor biographical information
Uniform Resource Identifier <a href="http://www.loc.gov/catdir/bios/hol053/2003363614.html">http://www.loc.gov/catdir/bios/hol053/2003363614.html</a>
856 42 - ELECTRONIC LOCATION AND ACCESS
Materials specified Publisher description
Uniform Resource Identifier <a href="http://www.loc.gov/catdir/description/hol041/2003363614.html">http://www.loc.gov/catdir/description/hol041/2003363614.html</a>
856 41 - ELECTRONIC LOCATION AND ACCESS
Materials specified Table of contents
Uniform Resource Identifier <a href="http://www.loc.gov/catdir/toc/hol041/2003363614.html">http://www.loc.gov/catdir/toc/hol041/2003363614.html</a>
906 ## - LOCAL DATA ELEMENT F, LDF (RLIN)
a 7
b cbc
c origres
d 2
e ncip
f 20
g y-gencatlg
942 ## - ADDED ENTRY ELEMENTS (KOHA)
Source of classification or shelving scheme
Koha item type Book
Holdings
Withdrawn status Lost status Damaged status Not for loan Collection code Permanent Location Current Location Shelving location Date acquired Total Checkouts Full call number Barcode Date last seen Price effective from Koha item type
          Centre for International Peace & Stability (CIPS) Centre for International Peace & Stability (CIPS) General Stacks 08/22/2013   956.70088 JAB 2003 CIPS0000556 08/22/2013 08/22/2013 Book
© 2023 Central Library, National University of Sciences and Technology. All Rights Reserved.